LEADER 01406nam a2200301 i 4500 001 000000169722 003 CaOOAMICUS 005 20221221120501.0 008 080228s1969 it u000 u ita u 040 $aSeMil$bita 245 00$aCarteggio Montalembert, Cantù :$b1842-1868 /$ca cura di Francesca Kaucisvili Melzi D'Eril. 264 1$aMilano :$bVita e Pensiero,$c1969. 300 $a243 p. ;$c22 cm. 490 1 $aCultura e storia ;$v4 541 0 $aFondo card. Giovanni Colombo (1B II 185) 650 4$aCantù, Cesare <1804-1895> - Lettere e carteggi.$0(OLS)http://semarc/subject/53243 650 4$aMontalembert, Charles : de <1810-1870> - Lettere e carteggi.$0(OLS)http://semarc/subject/32321 700 1 $aKaucisvili Melzi D'Eril, Francesca.$0(OLS)http://semarc/name/63589 700 1 $aMontalembert, Charles : de,$d<1810-1870>.$0(OLS)http://semarc/name/6409 700 1 $aCantù, Cesare,$c<1804-1895>.$0(OLS)http://semarc/name/2844 830 0$aCultura e storia ;$v4.$0(OLS)http://semarc/title/6933 850 $aSeMil 852 $aSeMil$W1$xVenegono$y1$m1B II 185$j236056$B120628$CSeMilBibl$Z2$F132418 $81 941 1 $a3 961 $aLascito: Colombo Card. Giovanni 996 $6245$aCarteggio Montalembert, Cantù :$b1842-1868$9(OLS)http://semarc/title/242700 996 $6264$aMilano :$bVita e Pensiero$9(OLS)http://semarc/publisher/29642 LEADER 01976nam a2200325 i 4500 001 000000031553 003 CaOOAMICUS 005 20230427100443.0 008 180830s20142022it u000 u ita u 040 $aSeMil$bita 110 0 $aConcilio Vaticano <2. ; 1962-1965>.$0(OLS)http://semarc/name/359 245 10$aCommentario ai documenti del Vaticano 2. /$ca cura di Serena Noceti, Roberto Repole. 264 1$aBologna :$bEDB,$c2014-2022. 300 $a9 v. ;$c22 cm. 650 4$aConcilio Vaticano II <1962-1965> - Studi.$0(OLS)http://semarc/subject/1167 650 4$aConcilio Vaticano II <1962-1965> - Atti e documenti.$0(OLS)http://semarc/subject/37 700 1 $aNoceti, Serena,$d<1966- >.$0(OLS)http://semarc/name/14545 700 1 $aRepole, Roberto,$c.$0(OLS)http://semarc/name/14546 774 0 $t1: Sacrosanctum concilium, Inter mirifica.$dBologna : EDB, 2014.$z978-88-10-40845-2$w()239512 774 0 $t2: Lumen gentium.$dBologna : EDB, 2015.$z978-88-10-40848-3$w()246218 774 0 $t3: Orientalium Ecclesiarum, Unitatis Redintegratio.$dBologna : EDB, 2019.$z978-88-10-40849-0$w()338331 774 0 $t4: Christus Dominus, Optatam totius, Presbyterorum ordinis.$dBologna : EDB, 2017.$z978-88-10-40850-6$w()254276 774 0 $t5: Dei Verbum.$dBologna : EDB, 2017.$z978-88-10-41201-5$w()256755 774 0 $t6: Ad gentes, Nostra aetate, Dignitatis humanae.$dBologna : EDB, 2018.$z978-88-10-41202-2$w()332333 774 0 $t7: Perfectae caritatis, Apostolicam actuositatem, Gravissimum educationis.$dBologna : EDB, 2019.$z978-88-10-41203-9$w()334031 774 0 $t8: Gaudium et spes.$dBologna : EDB, 2020.$z978-88-10-41204-6$w()342861 774 0 $t9: Il Vaticano 2. e i suoi documenti.$dBologna : EDB, 2022.$z978-88-10-41253-4$w()353583 996 $6245$aCommentario ai documenti del Vaticano 2.$9(OLS)http://semarc/title/42854 996 $6264$aBologna :$bEDB$9(OLS)http://semarc/publisher/29669